000 00683nam a22001577a 4500
003 OSt
005 20150925170320.0
008 150925b xxu||||| |||| 00| 0 eng d
040 _cRUA
082 _aAGR EN 2013 B054 Or.1
100 _91359
_aEN, SAM.
245 _aComparison of different rate of biocin-F on tomato under net house condition ប្រៀបធៀប BIOCIN-F ដែលមានកំរិតផ្សេងៗគ្នាទៅលើដំណាំប៉េងប៉ោះពូជនាងតំ នៅលក្ខខណ្ឌក្នុងផ្ទះសំណាញ់
260 _aPhnom Penh
_bRUA
_c2013
300 _axi; 50p.
_bill.
_c29cm.
942 _2ddc
_cAGR
999 _c1274
_d1274